Biggest Cities in India in 1891 - Statistics

General Stats
  • This quiz has been taken 24 times
  • The average score is 19 of 30
Answer Stats
State/Province Population Answer % Correct
Maharashtra 776,006 Bombay
95%
NCT 208,575 Delhi
95%
Gujarat 185,889 Ahmedabad
90%
West Bengal 847,796 Calcutta
90%
Tamil Nadu 509,346 Madras
90%
Bangladesh 124,762 Chattogram
85%
Telangana 448,466 Hyderabad
85%
Uttar Pradesh 188,022 Agra
80%
Sindh 116,663 Karachi
80%
Maharashtra 153,320 Poona
80%
Burma 234,881 Rangoon
80%
Karnataka 159,046 Bangalore
75%
Rajasthan 160,167 Jaipur
75%
Punjab 202,964 Lahore
75%
Uttar Pradesh 264,049 Lucknow
70%
Maharashtra 127,734 Nagpur
70%
Gujarat 119,306 Surat
65%
Uttar Pradesh 209,331 Benares
60%
Uttar Pradesh 197,170 Cawnpore
60%
Bihar 134,785 Patna
60%
Punjab 162,429 Amritsar
55%
Burma 183,816 Mandalay
55%
Uttar Pradesh 172,032 Allahabad
45%
Kashmir 122,818 Srinagar
40%
Tamil Nadu 105,984 Madura
30%
West Bengal 157,594 Howrah
25%
Gujarat 103,790 Baroda
20%
Uttar Pradesh 131,208 Bareilly
15%
Tamil Nadu 104,721 Trichinopoly
15%
Uttar Pradesh 118,129 Meerut
10%
No matching quizzes found
Score Distribution
Percent of People with Each Score
Percentile by Number Answered
Your Score History
You have not taken this quiz